Introduction to computer programming : structured COBOL /

Guardado en:
Autor Principal: Shelly, Gary B.
Otros Autores: Cashman, Thomas J.
Formato: Libro
Idioma:English
Publicado: Fullerton, CA : Anaheim Pub. Co., c1977.
Materias:
Etiquetas: Agregar Etiqueta
Sin Etiquetas, Sea el primero en etiquetar este registro!
LEADER 00691nam a2200205 a 4500
001 MAT.inmabb002632
008 771109s1977####caua##########001#0#eng##
005 20170512172616.0
245 1 0 |a Introduction to computer programming :  |b structured COBOL /  |c by Gary B. Shelly & Thomas J. Cashman. 
260 |a Fullerton, CA :  |b Anaheim Pub. Co.,  |c c1977. 
300 |a 562 p. en varias paginaciones :  |b il. ;  |c 28 cm. 
020 |a 0882361112 
100 1 |a Shelly, Gary B. 
700 1 |a Cashman, Thomas J. 
650 0 |a COBOL (Computer program language) 
650 0 |a Structured programming. 
084 |a 68  |2 MR 
010 |a  77089824  
040 |a DLC  |c DLC  |d DLC 
859 |h 68  |i Sh545  |p A-5059  |b BIB. MATEMATICA